00713nam a2200241 a 4500001001300000003000900013005001700022008004100039020000900080082001800089100002800107245004100135260003800176300001000214500003500224505001200259650002300271700002800294902000800322942000700330952011700337999001700454nice12345678IN_TiNIC20260116013719.0050524s1996 alia grp 000 0 urd  ac6000a297.0958bTAH aTahan Mustafa, Muhammad aVast-E-Asia Mein Islam Ka Mustaqbil. aAligarhbHilal Publicationsc1996 a202p. aincludes index and biblioraphy2 aIndexes aIslam-Central Asia1 aTahan Mustafa, Muhammad bSRS cBK 001040708StackRoom-aHMIbHMId2007-07-26g60.00l0o297.0958 TAHp017934r2007-07-26v60.00w2005-05-24yBK c12115d12115